000 00964cam a2200265 a 4500
001 1983597
003 GBCCL
005 20241126110359.0
008 890928s1990 ilu b 001 0 eng
010 _a 89081259
020 _a0891075097 (pbk.)
040 _aDLC
_cDLC
_dDLC
050 0 0 _aBR115.I7
_bC87 1990
082 0 0 _a261.87
_220
_bCUR
100 1 _aCurry, Dean C.,
_d1952-
_92634
245 1 2 _aA world without tyranny :
_bChristian faith and international politics /
_cDean C. Curry.
260 _aWestchester, Ill. :
_bCrossway Books,
_cc1990.
300 _axix, 256 p. ;
_c22 cm.
440 0 _aTurning point Christian worldview series
_92635
504 _aIncludes bibliographical references (p. [213]-248) and index.
650 0 _aChristianity and international relations.
_92636
906 _a7
_bcbc
_corignew
_d3
_eopcn
_f19
_gy-gencatlg
942 _2ddc
_cBK
999 _c1338
_d1338